000 00304nam a22001337a 4500
008 181029b xxu||||| |||| 00| 0 eng d
020 _a2740351743574
041 _aeng
080 _23rd
_a159.9
100 _a49
101 _aPSI
245 _aInvitation to the Life Span
_cBerger,K.S
942 _2udc
_cBK
999 _c50962
_d50962